MARC details
| 000 -LEADER |
| fixed length control field |
01658cam a2200313 i 4500 |
| 001 - CONTROL NUMBER |
| control field |
4663960 |
| 003 - CONTROL NUMBER IDENTIFIER |
| control field |
GZU |
| 005 - DATE AND TIME OF LATEST TRANSACTION |
| control field |
20200722091104.0 |
| 008 - FIXED-LENGTH DATA ELEMENTS--GENERAL INFORMATION |
| fixed length control field |
801211s1981 inuc b 011 0 eng |
| 010 ## - LIBRARY OF CONGRESS CONTROL NUMBER |
| LC control number |
80029112 |
| 020 ## - INTERNATIONAL STANDARD BOOK NUMBER |
| International Standard Book Number |
0931464064 |
| 040 ## - CATALOGING SOURCE |
| Original cataloging agency |
DLC |
| Transcribing agency |
DLC |
| Modifying agency |
DLC |
| 050 00 - LIBRARY OF CONGRESS CALL NUMBER |
| Classification number |
BS1188 |
| Item number |
.T7 |
| 082 00 - DEWEY DECIMAL CLASSIFICATION NUMBER |
| Classification number |
221.6 |
| Edition number |
19 |
| 245 00 - TITLE STATEMENT |
| Title |
Traditions in transformation : |
| Remainder of title |
turning points in Biblical faith / |
| Statement of responsibility, etc. |
edited by Baruch Halpern, Jon D. Levenson. |
| 260 ## - PUBLICATION, DISTRIBUTION, ETC. |
| Place of publication, distribution, etc. |
Winona Lake, Ind. : |
| Name of publisher, distributor, etc. |
Eisenbrauns, |
| Date of publication, distribution, etc. |
c1981. |
| 300 ## - PHYSICAL DESCRIPTION |
| Extent |
xiv, 446 p. : |
| Other physical details |
port. ; |
| Dimensions |
24 cm. |
| 500 ## - GENERAL NOTE |
| General note |
Festschrift honoring Frank Moore Cross. |
| 500 ## - GENERAL NOTE |
| General note |
Includes index. |
| 504 ## - BIBLIOGRAPHY, ETC. NOTE |
| Bibliography, etc. note |
Bibliography: p. [405]-415. |
| 505 0# - FORMATTED CONTENTS NOTE |
| Formatted contents note |
Miles, J. A., Jr. Radical editing.--L'Heureux, C. E. Searching for the origins of God.--Halpern, B. The uneasy compromise.--Janzen, W. Withholding the word.--Coote, R. B. Yahweh recalls Elijah.--Clifford, R. J. In Zion and David a new beginning.--Levenson, J. D. From temple to synagogue.--Friedman, R. E. From Egypt to Egypt.--Polzin, R. Reporting speech in the book of Deuteronomy.--Ackerman, J. S. Satire and symbolism in the song of Jonah.--Greenspoon, L. J. The origin of the idea of resurrection.--Purvis, J. D. The Samaritan problem.--Collins, J. J. Patterns of eschatology at Qumran.--Collins, A. Y. Myth and history in the book of Revelation. |
| 600 10 - SUBJECT ADDED ENTRY--PERSONAL NAME |
| Personal name |
Cross, Frank Moore. |
| 630 00 - SUBJECT ADDED ENTRY--UNIFORM TITLE |
| Uniform title |
Bible. |
| Name of part/section of a work |
Old Testament |
| General subdivision |
Criticism, interpretation, etc. |
| 700 1# - ADDED ENTRY--PERSONAL NAME |
| Personal name |
Halpern, Baruch. |
| 700 1# - ADDED ENTRY--PERSONAL NAME |
| Personal name |
Levenson, Jon Douglas. |
| 700 1# - ADDED ENTRY--PERSONAL NAME |
| Personal name |
Cross, Frank Moore. |
| 906 ## - LOCAL DATA ELEMENT F, LDF (RLIN) |
| a |
7 |
| b |
cbc |
| c |
orignew |
| d |
u |
| e |
ocip |
| f |
19 |
| g |
y-gencatlg |
| 942 ## - ADDED ENTRY ELEMENTS (KOHA) |
| Source of classification or shelving scheme |
Library of Congress Classification |
| Koha item type |
Books |
| Classification part |
1188 |
| Item part |
TRA |
| Call number prefix |
BS |
| Call number suffix |
1981 |